Histoire des sciences et des techniques : XVIe-XVIIIe siècle (notice n° 1568527)

détails MARC
000 -LEADER
fixed length control field 01628cam a2200133 4500500
005 - DATE AND TIME OF LATEST TRANSACTION
control field 20251214004414.0
041 ## - LANGUAGE CODE
Language code of text/sound track or separate title fre
042 ## - AUTHENTICATION CODE
Authentication code dc
100 10 - MAIN ENTRY--PERSONAL NAME
Personal name Vignaud, Laurent-Henri
Relator term author
245 00 - TITLE STATEMENT
Title Histoire des sciences et des techniques : XVIe-XVIIIe siècle
260 ## - PUBLICATION, DISTRIBUTION, ETC.
Name of publisher, distributor, etc. Armand Colin,<br/>
Date of publication, distribution, etc. 2020.<br/>
520 ## - SUMMARY, ETC.
Summary, etc. Durant plusieurs siècles, la catégorie même de « science(s) » est problématique et ambiguë, tout comme celle des « techniques » longtemps désignées comme « arts », parmi lesquels figuraient la médecine et l’alchimie. Faire l’histoire des sciences et des techniques avant 1800 revient donc à faire l’histoire d’une chose qui n’existe pas encore. Etudier les sciences et les techniques a permis de mettre en lumière les problématiques de notre modernité, entendue comme la capacité des sociétés occidentales à constituer un savoir sur la nature à portée universelle. La période qui s’étend de l’invention de l’imprimerie et des Grandes Découvertes jusqu’au siècle des Lumières est, de ce point de vue, riche en découvertes associées à des noms célèbres (Copernic, Galilée, Paré, Euler, Descartes, Newton, Linné, Buffon, Lavoisier, Monge...). Cet ouvrage ne retrace pas seulement les grandes étapes constitutives de la « science moderne », il s’interroge sur les rapports profonds entre ce savoir lentement acquis et l’évolution des sociétés modernes, tant sur le plan politique et culturel qu’économique.
856 41 - ELECTRONIC LOCATION AND ACCESS
Uniform Resource Identifier <a href="https://shs.cairn.info/histoire-des-sciences-et-des-techniques--9782200630140?lang=fr&redirect-ssocas=7080">https://shs.cairn.info/histoire-des-sciences-et-des-techniques--9782200630140?lang=fr&redirect-ssocas=7080</a>

Pas d'exemplaire disponible.

PLUDOC

PLUDOC est la plateforme unique et centralisée de gestion des bibliothèques physiques et numériques de Guinée administré par le CEDUST. Elle est la plus grande base de données de ressources documentaires pour les Étudiants, Enseignants chercheurs et Chercheurs de Guinée.

Adresse

627 919 101/664 919 101

25 boulevard du commerce
Kaloum, Conakry, Guinée

Réseaux sociaux

Powered by Netsen Group @ 2025